18 Watch Out Situations (multiple choice) - Statistics

General Stats
  • This quiz has been taken 14 times
  • The average score is 14 of 18
Answer Stats
Question Answer % Correct
Unburned fuel between you and fire 11
100%
Attempting frontal assault on fire 10
88%
Taking a nap near fireline 18
88%
Safety zones and escape routes not identified 3
88%
Unfamiliar with weather and local factors influencing fire behavior 4
88%
No communication link with crewmembers or supervisor 7
88%
Constructing line without safe anchor point 8
88%
Building fireline downhill with fire below 9
88%
Fire not scouted and sized up 1
75%
Cannot see main fire; not in contact with someone who can 12
75%
On a hillside where rolling material can ignite fuel below 13
75%
Getting frequent spot fires across line 16
75%
Terrain and fuels make escape to safety zones difficult 17
75%
In country not seen in daylight 2
75%
Instructions and assignments not clear 6
75%
Weather becoming hotter and drier 14
63%
Wind increases and or changes direction 15
63%
Uninformed on strategy, tactics, and hazards 5
50%
No matching quizzes found
Score Distribution
Percent of People with Each Score
Percentile by Number Answered
Your Score History
You have not taken this quiz